000 00651nam a2200241 a 4500
001 5219
003 CO-ViMGA
005 20260310213100.0
008 141112s2004 ck r 000 u spa d
020 _a9789588568027
040 _aCO-ViMGA
_bspa
_cCO-ViMGA
041 _aSPA
100 1 _aPower Paola, 1977 -
_939379
245 1 0 _aVirus tropical, I/
_cPowerPaola
250 _a3a ed.
300 _a34 p. : il. byn.
650 1 4 _aAUTOBIOGRAFIA - NOVELA
_939380
650 1 4 _aAUTORES ECUATORIANOS
_91648
650 1 4 _aILUSTRADORES ECUATORIANOS
_939381
650 1 4 _aNOVELA GRAFICA
700 1 _aPower Paola, 1977 -
_939379
942 _2ddc
_cBK
999 _c5219
_d5219